FUNDAMENTALS OF RISK AND INSURANCE (Record no. 189789)

MARC details
000 -LEADER
fixed length control field 00338nam a22001337a 4500
020 ## - INTERNATIONAL STANDARD BOOK NUMBER
International Standard Book Number 978-81-265-1306-2
082 ## - DEWEY DECIMAL CLASSIFICATION NUMBER
Classification number 368 VAU/FU
100 ## - MAIN ENTRY--PERSONAL NAME
Personal name EMMETT J VAUGHAN,THERESE VAUGHAN
245 ## - TITLE STATEMENT
Title FUNDAMENTALS OF RISK AND INSURANCE
250 ## - EDITION STATEMENT
Edition statement 9
260 ## - PUBLICATION, DISTRIBUTION, ETC. (IMPRINT)
Place of publication, distribution, etc. SINGAPORE
Name of publisher, distributor, etc. JOHN WILEY&SONS PTE LTD
Date of publication, distribution, etc. 2011
300 ## - PHYSICAL DESCRIPTION
Extent 686
942 ## - ADDED ENTRY ELEMENTS (KOHA)
Source of classification or shelving scheme Dewey Decimal Classification
Koha item type Books (General)
Holdings
Withdrawn status Lost status Source of classification or shelving scheme Damaged status Not for loan Collection code Home library Current library Shelving location Date acquired Cost, normal purchase price Total Checkouts Full call number Date last seen Price effective from Koha item type
    Dewey Decimal Classification     Malayalam College of Co-operation, Banking & Management Library, Vellanikkara College of Co-operation, Banking & Management Library, Vellanikkara   19/09/2017 549.00   368 VAU/FU 19/09/2017 19/09/2017 Books (General)
Kerala Agricultural University Central Library
Thrissur-(Dt.), Kerala Pin:- 680656, India
Ph : (+91)(487) 2372219
E-mail: librarian@kau.in
Website: http://library.kau.in/